Personalization at Work

Saved in:
Bibliographic Details
Main Author: Baker
Format: Book
Published: Kogan Page
Tags: Add Tag
No Tags, Be the first to tag this record!

MARC

LEADER 00000nam a2200000Ia 4500
005 20260513122051.0
020 |a 9781789662948 
100 |a Baker 
365 |c £ 
365 |b 20.00 
942 |c BK 
245 |a Personalization at Work 
260 |b Kogan Page 
999 |c 59  |d 59 
952 |0 0  |1 0  |4 0  |7 0  |a UNSW  |b UNSW  |d 2026-04-29  |g 36.99  |i 16669  |l 0  |p 000012  |r 2026-05-13 12:20:51  |v 36.99  |w 2026-05-13  |y BK